Welcome to the Holygrace Academy Library

Please use search bar below to get started

THE WORLD ACCORDING HUMPHREY (Record no. 1855)

MARC details
000 -LEADER
fixed length control field 00392nam a22001577a 4500
020 ## - INTERNATIONAL STANDARD BOOK NUMBER
ISBN 0-571-22683-3
082 ## - DEWEY DECIMAL CLASSIFICATION NUMBER
Classification number 823
Item number BIR/W
100 ## - MAIN ENTRY--AUTHOR NAME
Personal name BIRNEY, BETTY.G
245 ## - TITLE STATEMENT
Title THE WORLD ACCORDING HUMPHREY
Remainder of title SHORT STORY
246 ## - VARYING FORM OF TITLE
Title proper/short title THE WORLD ACCORDING
Remainder of title HEMPHREY
260 ## - PUBLICATION, DISTRIBUTION, ETC. (IMPRINT)
Place of publication USA
Name of publisher FABER AND FABER LIMITED
Year of publication 2006
300 ## - PHYSICAL DESCRIPTION
Number of Pages 142
520 ## - SUMMARY, ETC.
Summary, etc SHORT STORY
650 ## - SUBJECT ADDED ENTRY--TOPICAL TERM
Topical Term SHORT STORY
942 ## - ADDED ENTRY ELEMENTS (KOHA)
Koha item type Books
Holdings
Withdrawn status Lost status Collection code Home library Current library Shelving location Date acquired Source of acquisition Cost, normal purchase price Full call number Accession Number Koha item type
    Fiction Main Library Main Library SHELF 4-B ANIMAL ARK 28/01/2019 Purchase 414.00 823 BIR/W 10726 Books